| 000 | 01118nam a2200289 i 4500 | ||
|---|---|---|---|
| 001 | 179635 | ||
| 003 | ES-MaACL | ||
| 005 | 20250821111700.0 | ||
| 008 | 111227s2010 sp |||| | spa d | ||
| 020 | _a978-84-08-09484-5 | ||
| 080 | _a929 Felipe (460) II | ||
| 080 | _a94(460)"1556/98" | ||
| 100 | 0 |
_aParker, Geoffrey. _989177 |
|
| 245 | 1 | 0 |
_aFelipe II : _bla biografía definitiva / _cGeoffrey Parker ; traducción del inglés de Victoria E. Gordo del Rey ; revisión técnica y científica de Santiago Martínez Hernández. |
| 250 | _a1ª ed. | ||
| 260 |
_aBarcelona : _bPlaneta, _c2010. |
||
| 300 |
_a1383 p., [44] p. de lám. col. y n. ; _c24 cm. |
||
| 504 | _aBibliografía: p. 1049-1092. Índices. | ||
| 600 | 0 | 4 |
_aFelipe _bII, _cRey de España _949175 |
| 651 | 4 |
_aEspaña- _xHistoria- _y1556-1598, Felipe II. _98218 |
|
| 700 | 0 |
_aGordo del Rey, Victoria. _959149 |
|
| 700 | 1 |
_aMartínez Hernández, Santiago. _9148868 |
|
| 852 |
_aES-MaACL _jA-11823 _bR.146539 _9186532 _dOlim: N-4828 _cDEPO1 |
||
| 942 |
_2udc _cMONOGRAFIA |
||
| 999 |
_c179635 _d179635 |
||